[Event "ECU-ch"]
[Site "Ibarra"]
[Date "2024.03.15"]
[Round "5"]
[White "Galarza Chalco, Sebastian Alexand"]
[Black "Pazos Gambarrotti, Plinio Efrain"]
[Result "0-1"]
[WhiteElo "1698"]
[BlackElo "2005"]
[PlyCount "55"]
[EventDate "2024.03.13"]
[EventType "swiss"]
[EventRounds "9"]
[EventCountry "ECU"]
[SourceTitle "EXT 2025"]
[Source "ChessBase"]
[SourceDate "2024.10.14"]
[SourceVersion "1"]
[SourceVersionDate "2024.10.14"]
[SourceQuality "1"]

1. d4 Nf6 2. c4 e6 3. Nf3 d5 4. g3 Be7 5. Bg2 0-0 6. 0-0 dxc4 7. Qc2 b5 8. Ne5 Nd5 9. Rd1 Bb7 10. e4 Nb4 11. Qe2 Nd7 12. Nxd7 Qxd7 13. Nc3 Nd3 14. b3 Qxd4 15. Bb2 Qb6 16. Rxd3 cxd3 17. Qg4 f5 18. exf5 exf5 19. Qf4 Bxg2 20. Kxg2 Qc6+ 21. Kg1 Bf6 22. Rc1 Rac8 23. Qd2 Qf3 24. b4 Rf7 25. Rf1 h5 26. Rd1 h4 27. Qxd3 Qxd3 28. Rxd3 0-1